|
|
|
|
| LEADER |
00823cam a2200253 a 4500 |
| 001 |
0000057902 |
| 005 |
20110221090000.0 |
| 040 |
|
|
|a mod
|
| 041 |
|
|
|a eng
|
| 020 |
0 |
0 |
|a 0700701524
|
| 090 |
0 |
0 |
|a 306.09598
|b IND
|e 1983
|
| 111 |
0 |
0 |
|a Scandinavian Institute of Asia Studies
|
| 245 |
0 |
0 |
|a Indonesia and Malaysia
|b Scandinavian studies in contemporay society
|c edited by T. Svensson and P. Sorensen
|
| 260 |
0 |
0 |
|a London
|b Curzon
|c 1983
|
| 300 |
0 |
0 |
|a viii, 282 p.
|c 22 cm
|
| 440 |
0 |
0 |
|a Studies On Asian Topics No. 5
|
| 504 |
0 |
0 |
|a Includes bibliographical references:p.282
|
| 650 |
0 |
0 |
|a Social history
|
| 650 |
0 |
0 |
|a Indonesia
|x Social conditions
|
| 650 |
0 |
0 |
|a Malaysia
|x Social conditions
|
| 700 |
1 |
1 |
|a Svensson
|h Thommy
|
| 700 |
1 |
1 |
|a Sorensen
|h P
|
| 852 |
0 |
0 |
|a 01
|
| 999 |
|
|
|a 0100390
|b KEMENTAH
|d BOOKS
|e Umum
|f Perpustakaan KEMENTAH
|j AVAILABLE
|q OLD
|